Pilot plant design, construction, and operation /
Guardado en:
| Autor Principal: | |
|---|---|
| Formato: | Libro |
| Idioma: | English |
| Publicado: |
New York :
McGraw-Hill,
c1992.
|
| Materias: | |
| Etiquetas: |
Agregar Etiqueta
Sin Etiquetas, Sea el primero en etiquetar este registro!
|
| LEADER | 00729pam a22002055a 4500 | ||
|---|---|---|---|
| 001 | EIQ.libpla002043 | ||
| 008 | 910913s1992####nyua#####b####001#0#eng#d | ||
| 005 | 20070403173457.0 | ||
| 245 | 1 | 0 | |a Pilot plant design, construction, and operation / |c Richard P. Palluzi. |
| 260 | |a New York : |b McGraw-Hill, |c c1992. | ||
| 300 | |a xii, 256 p. : |b il. ; |c 24 cm. | ||
| 504 | |a Incluye referencias bibliográficas (p. 235-249) e índice. | ||
| 020 | |a 0070481806 | ||
| 100 | 1 | |a Palluzi, Richard P. | |
| 082 | 0 | 0 | |a 660/.28072 |2 20 |
| 650 | 4 | |a Fábrica de productos químicos |x Plantas pilotos. | |
| 650 | 0 | |a Chemical plants |x Pilot plants. | |
| 010 | |a 91034591 | ||
| 040 | |a DLC |c DLC |d AR-BbSID | ||
| 859 | |a AR-BbSID |b BIB. PLAPIQUI |h 660.280 72 |i P 11 |p 4175 | ||
